000 00498nam a2200157 i 4500
001 21368
003 ES-MaACL
005 20230906152451.0
007 t|
008 021125s1967 sp ||||1| spa d
100 1 _aAlberola Javierre, Ricardo.
_919297
245 1 0 _aContestaciones al programa de oficiales en el Banco Exterior de España /
_cRicardo Alberola Javierre.
260 _a[Oviedo :
_bs.n.,
_c1967] (
_fGráf. Summa)
300 _a581 p. ;
_c22 cm.
852 _aES-MaACL
_jC-33476
_bR.65755
999 _c21368
_d21368